Statistics for Country Facts

Click here to take the quiz!

General Stats

  • This quiz has been taken 53 times
    (39 since last reset)
  • The average score is 81 of 196

Answer Stats

ClueCountry% Correct
World's most populous countryChina
96%
Disputed Turkish and Greek islandCyprus
82%
Most populous African countryNigeria
82%
Famous for its fjordsNorway
82%
"Teardrop of India"Sri Lanka
82%
Micro-nation between France and SpainAndorra
79%
Home to kangaroos, dingos, and koalas, as well as the Great Barrier ReefAustralia
79%
May also be known as MyanmarBurma
79%
Home of the Pyramids of Giza and the SphinxEgypt
79%
Home to cities such as Jerusalem, Haifa, Tel AvivIsrael
79%
Communist and very isolated country ruled by Kim Jong-unNorth Korea
79%
Bangkok is hereThailand
79%
Home to cities such as Ajaccio, Marseille and LyonFrance
75%
Most populous EU countryGermany
75%
Small country home to Monte CarloMonaco
75%
People here are called DutchNetherlands
75%
Starts with 'U', ends with 'stan'Uzbekistan
75%
Largest city is SofiaBulgaria
71%
Directly north of the United StatesCanada
71%
Largest Caribbean island nationCuba
71%
Also called Timor-LesteEast Timor
71%
Home to ancient city states such as Athens and SpartaGreece
71%
Small Asian country home to 8 of the 10 highest mountainsNepal
71%
Country that colonized BrazilPortugal
71%
Home to the vast Siberia regionRussia
71%
Nelson Mandela was from hereSouth Africa
71%
Capital is SeoulSouth Korea
71%
Smallest African country bordering the MediterraneanTunisia
71%
Has been called East Bengal and East Pakistan in the pastBangladesh
68%
Shaped like a bootItaly
68%
Casablanca is the largest cityMorocco
68%
Home of cities such as Karachi and IslamabadPakistan
68%
Between Colombia and Costa RicaPanama
68%
Home to cities such as Lodz, Gdansk and KrakowPoland
68%
The southern part of this country became independent in 2011Sudan
68%
Largest country entirely within EuropeUkraine
68%
Sovereign nation within RomeVatican City
68%
Largest country in AfricaAlgeria
64%
Minsk is the capitalBelarus
64%
Makes up eastern half of island of HispaniolaDominican Republic
64%
West half of the island of HispaniolaHaiti
64%
Often called "Land of the Rising Sun"Japan
64%
Southernmost of the Baltic StatesLithuania
64%
Borders UAE, Saudi Arabia, and YemenOman
64%
Eastern half of the island of New GuineaPapua New Guinea
64%
Largest country on the Arabian PeninsulaSaudi Arabia
64%
Makes up majority of the Horn of AfricaSomalia
64%
Most recently formed countrySouth Sudan
64%
Makes up the majority of the Iberian PeninsulaSpain
64%
Only borders Mozambique and South AfricaSwaziland
64%
Made up of Northern Ireland, England, Scotland and WalesUnited Kingdom
64%
Country between Canada and MexicoUnited States
64%
This country owns Easter IslandChile
61%
Two disputed regions of Abkhazia and South Ossetia are hereGeorgia
61%
Second most populous countryIndia
61%
Capital is RigaLatvia
61%
People from here are called MarshalleseMarshall Islands
61%
Gained independence from South Africa on March 21, 1990Namibia
61%
Smaller of the 2 landlocked South American countriesParaguay
61%
Kosovo separated from this countrySerbia
61%
Where Adolf Hitler was bornAustria
57%
English speaking Central American countryBelize
57%
Made up of Jutland Peninsula and some smaller islandsDenmark
57%
Smallest country in the Horn of AfricaDjibouti
57%
Owner of the Galapagos IslandsEcuador
57%
Borders only Senegal and the Atlantic OceanGambia
57%
Also known as PersiaIran
57%
Recently formed country that broke away from SerbiaKosovo
57%
Located entirely within South AfricaLesotho
57%
The revolution of 2011 overthrew Muammar GaddafiLibya
57%
Smallest of the Benelux countriesLuxembourg
57%
4-largest island, located directly east of MozambiqueMadagascar
57%
Capital and largest city is LjubljanaSlovenia
57%
Ha Long Bay is a UNESCO World Heritage Site hereVietnam
57%
Capital is TiranaAlbania
54%
Sometimes abbreviated to C.A.R.Central African Republic
54%
Name translates to "The Savior"El Salvador
54%
Formerly known as British GuianaGuyana
54%
Where Alexander the Great was fromMacedonia
54%
Named after Saint Lucy of SyracuseSaint Lucia
54%
Geneva and Zurich are city hereSwitzerland
54%
Highest point is Mt. Ararat and biggest lake is Lake VanTurkey
54%
People from here are called Emirati, Emirian or EmiriUnited Arab Emirates
54%
Name was derived from the Zambezi RiverZambia
54%
Lionel Messi is from this countryArgentina
50%
Country that host's the EU's headquartersBelgium
50%
Volcanic island national in north AtlanticIceland
50%
Home to the ancient city of TimbuktuMali
50%
Home of two major peninsulas: Baja California and YucatanMexico
50%
Second most densely populated countrySingapore
50%
The man who invented dynamite and Nobel Peace Prizes is from hereSweden
50%
Island country off of ChinaTaiwan
50%
Second largest city is KandaharAfghanistan
46%
Largest South American countryBrazil
46%
Name in English means "rich coast"Costa Rica
46%
Borders Sudan, Ethiopia and DjiboutiEritrea
46%
Amman is the capitalJordan
46%
Has a cedar tree on its flagLebanon
46%
Island nation lying directly east of Papua New GuineaSolomon Islands
46%
Connected to Saudi Arabia by the King Fahd CausewayBahrain
43%
Very similar flag style to RomaniaChad
43%
Second largest country in AfricaDemocratic Republic of the Congo
43%
Northernmost Baltic stateEstonia
43%
Home to the ancient city of MesopotamiaIraq
43%
Largest landlocked countryKazakhstan
43%
Doubly-landlocked European countryLiechtenstein
43%
Home of the evil Vlad the ImpalerRomania
43%
"Land of the Thunder Dragon"Bhutan
39%
Tegucigalpa is the capitalHonduras
39%
Celtic Tiger is a name given to a time of economic prosperity for this country from 1995-2000Ireland
39%
Their capital is named after US president James MonroeLiberia
39%
Island nation home to the now extinct Dodo birdMauritius
39%
Nazca Lines are located herePeru
39%
Archipelago off the coast of GabonSao Tome and Principe
39%
Least populous African countrySeychelles
39%
Owns the Zanzibar archipelagoTanzania
39%
This country takes its name from the Buganda KingdomUganda
39%
Vientiane is the capitalLaos
36%
Transnistria is a disputed region of hereMoldova
36%
Also called "Aotearoa"New Zealand
36%
Largest city is HarareZimbabwe
36%
Some cities here are Banja Luka, Zenica and MostarBosnia and Herzegovina
32%
Capital is Bandar Seri BegawanBrunei
32%
Most populous landlocked country in the worldEthiopia
32%
Capital is LibrevilleGabon
32%
World's fourth most populous countryIndonesia
32%
Consists of 7,107 islandsPhilippines
32%
Capital is KigaliRwanda
32%
Country's ancient name is "Kambuja"Cambodia
29%
Spanish speaking African countryEquatorial Guinea
29%
Most sparsely populated EU countryFinland
29%
2 of the 3 islands are Comino and GozoMalta
29%
Where calypso music originatedTrinidad and Tobago
29%
Capital is Porto-Novo, but seat of government is located at CotonouBenin
25%
Home to the Salar de Uyuni salt flatBolivia
25%
Formerly called "Republic of Upper Volta"Burkina Faso
25%
Its capital is on the northeastern shore of Lake TangyanikaBurundi
25%
Capital is located on island Viti LevuFiji
25%
Flag holds a 40-ray sun that represents 40 tribes that were united against the Mongols by the epic hero, ManasKyrgyzstan
25%
Capital is KingstownSaint Vincent and the Grenadines
25%
First visited in 1773, became known as "Friendly Islands"Tonga
25%
Capital is FunafutiTuvalu
25%
Home to the Orinoco River DeltaVenezuela
25%
Home to the island of SocotraYemen
25%
Home to Lake VoltaGhana
21%
In the Laccadive SeaMaldives
21%
Most sparsely populated countriesMongolia
21%
Divided into 16 states, such as Angaur, Koror, Aimeliik, Ngchesar, and NgaremlenguiPalau
21%
Owns exclave of NakhchivanAzerbaijan
18%
Vaclav Havel was their first presidentCzech Republic
18%
33 atolls and 1 raised coral island called Banaba make up the countryKiribati
18%
Gerlachovský štít is the highest mountain hereSlovakia
18%
It's capital is the oldest continuously inhabited country in the worldSyria
18%
Home to the vast Karakum DesertTurkmenistan
14%
Currency is the KwanzaAngola
11%
Name comes from Arabic word qamar, meaning "moon"Comoros
11%
Anthem is: L'AbidjanaiseCote d'Ivoire
11%
Cetinje is the former Royal Capital CityMontenegro
11%
Formerly known as "Pleasant Island"Nauru
11%
The currency is the RiyalQatar
11%
Have a unique alphabet created by Mesrop MashtotsArmenia
7%
It's capital is on the island of New ProvidenceBahamas
7%
Formerly known as BechuanalandBotswana
7%
Also known as the "Island of Spice"Grenada
7%
Mixco is the second largest cityGuatemala
7%
Kikuyu is the largest ethnic group hereKenya
7%
Perdana Putra is the house of the Prime MinisterMalaysia
7%
Capital city was previously known as Lourenço MarquesMozambique
7%
The main mountain ranges are the Bakhuys and the Van Asch Van WijckSuriname
7%
The capital is on the island of EfateVanuatu
7%
Name can be translate to "the bearded ones"Barbados
4%
Pedro Pires was the prime minister from 1975-1991Cape Verde
4%
The Casa de Narino is the home of the president hereColombia
4%
Motto is: Travail, Justice, SolidariteGuinea
4%
Island formerly known as Santiago when under Spanish ruleJamaica
4%
Nicknamed "The Warm Heart of Africa"Malawi
4%
Largest city is WenoMicronesia
4%
Largest city is DoganaSan Marino
4%
Most widely spoken language here is KrioSierra Leone
4%
Motto is: "Each Endeavouring, All Achieving"Antigua and Barbuda
0%
First president was Ahmadou AhidjoCameroon
0%
Tomislav was the first king here, in the year 925 CECroatia
0%
Highest point is Morne DiablotinsDominica
0%
Luis Severino de Almeida Cabral was the first president hereGuinea-Bissau
0%
Home to the largest thermal water cave systemHungary
0%
Failaka Island is owned by this countryKuwait
0%
Mohamed Ould Abdel Aziz led a military coup here and has been president since 2009Mauritania
0%
An informal colloquial term for someone from here is PinoleroNicaragua
0%
The highest peak here is Mont Idoukal-n-TaghesNiger
0%
Independence gained on August 15th, 1960Republic of the Congo
0%
Mount Liamuiga is the highest peakSaint Kitts and Nevis
0%
Home to Faleolo International AirportSamoa
0%
Leopold Sedar Senghor was their first presidentSenegal
0%
Home to the ancient city of SarazmTajikistan
0%
Regions of this country are Savanes, Kara, Centrale, Plateaux, and MaritimeTogo
0%
First city here was Colonia del SacramentoUruguay
0%

Score Distribution

Percentile by Number Answered

Percent of People with Each Score

Your Score History

You have not taken this quiz since the last reset